000 02909nab a2200265 a 4500
005 20240913063749.0
008 991125c2019 ag zr p o 000 0 spa d
035 _aUPN01000233095
040 _aMX-MxUPN
_bspa
_cMX-MxUPN
_eaacr2
049 _aART-E
100 1 _aApud, Ismael
_6- ismaelapud@psico.edu.uy
245 1 0 _aAyahuasca en el tratamiento de adicciones. Estudio de cuatro casos tratados en IDEAA, desde una perspectiva interdisciplinaria
_h[recurso electrónico en línea]
506 0 _aAcceso abierto
520 3 _aLa ayahuasca es una sustancia psicoactiva de origen amazónico, usada tradicionalmente con fines espirituales, médicos y religiosos. En la década de los ‘90 adquiere gran popularidad, tanto a través de las redes internacionales de espiritualidad y religiosidad, como en el denominado renacimiento de los estudios psicodélicos, donde se retoma la investigación y experimentación sobre los posibles usos clínicos de estas sustancias. El presente artículo tiene como objetivo la descripción y análisis de los procesos de cura de cuatro casos de adicciones tratados en el Instituto de Etnopsicología Amazónica Aplicada (IDEAA), un centro dedicado al tratamiento de adicciones, con pacientes españoles llevados al Amazonas de Brasil. El procedimiento ha implicado una metodología cualitativa del tipo biográfica, bajo una mirada interdisciplinaria que integra enfoques cognitivos y culturales. En los resultados, se describen el proceso de intervención utilizado en el centro y las narrativas biográficas de los casos estudiados. Se realiza una descripción de los distintos tipos de experiencias recurrentes durante los rituales de ayahuasca: revisiones biográficas, insights psicológicos, experiencias emocionales y/o trascendentales. Se analiza la importancia de la memoria de la experiencia, en tanto disparadora de nuevas reconfiguraciones en las narrativas biográficas de los sujetos, mostrándose la centralidad de dicha dinámica en el proceso terapéutico. Se analizan otros mecanismos específicos interviniendo en el proceso de cura de cada caso: psicosomáticos, simbólicos, de cognición social y psiconeuroinmunológicos. Se concluye sobre la relevancia terapéutica del contexto ritual, social y cultural, así como de las estrategias de integración de la memoria de la experiencia en las narrativas biográficas de los sujetos.
650 4 _aCognición
_96446
650 4 _aCultura
_97095
653 0 _aTratamiento de adicciones
653 0 _aAyahuasca
653 0 _aInterdisciplinariedad
773 _gVol. 36, no. 1 (2019), p. 133-154
_tInterdisciplinaria : revista de psicología y ciencias afines
_x1668-7027
856 4 0 _uhttp://www.ciipme-conicet.gov.ar/ojs/index.php?journal=interdisciplinaria&page=article&op=view&path%5B%5D=588
902 _aGloriaJiménez/151122
_bGloriaJiménez/151122
905 _aArticulo
942 _cART-E
999 _c205190
_d205190